| 000 -ლიდერი |
| ფიქსირებული სიგრძის საკონტროლო ველი |
01829nam a2200277Ia 4500 |
| 001 - საკონტროლო ნომერი |
| საკონტროლო ველი |
22320 |
| 003 - საკონტროლო ნომრის იდენტიფიკატორი |
| საკონტროლო ველი |
GE_BSU |
| 005 - ბოლო ოპერაციის თარიღი და დრო |
| საკონტროლო ველი |
20250801120949.0 |
| 008 - ფიქსირებული სიგრძის მონაცემთა ელემენტები - ზოგადი ინფორმაცია |
| ფიქსირებული სიგრძის საკონტროლო ველი |
181216s2017||||ge |||||||||||||| ||geo|| |
| 020 ## - წიგნის საერთაშორისო სტანდარტული ნომერი |
| International Standard Book Number |
9789941273308 |
| 040 ## - კატალოგიზაციის წყარო |
| Transcribing agency |
GE_BSU |
| 041 ## - ენის კოდი |
| Language code of text/sound track or separate title |
geo |
| 080 ## - უნივერსალური ათობითი კლასიფიკაციის ინდექსი |
| Universal Decimal Classification number |
821.112.2.09 გ-14 |
| 100 ## - მთავარი ჩანაწერი - პიროვნების სახელი |
| Personal name |
გაგნიძე, ნუგეშა |
| 9 (RLIN) |
25731 |
| 245 ## - ცნობა სათაურის შესახებ |
| Title |
ნარკვევები მეორე მსოფლიო ომისშემდგომი პერიოდის გერმანულენოვანი ლიტერატურიდან = Studien zur deutschsprachigen Literatur nach dem Zweiten Weltkrieg / |
| Statement of responsibility, etc |
ნუგეშა გაგნიძე ; რედაქტორი ნანული კაკაურიძე. |
| 264 ## - წარმოების, გამოცემის, დისტრიბუციის და სხვა ცნობები |
| გამოცემის, წარმოების, დისტრიბუციის... ადგილი |
ქუთაისი : |
| გამოცემის, წარმოების, დისტრიბუციის... სახელწოდება |
გამ-ბა ”სამშობლო”, |
| გამოცემის, წარმოების, დისტრიბუციის... თარიღი |
2017. |
| 300 ## - ფიზიკური აღწერა |
| Extent |
352 გვ. ; |
| Dimensions |
20 სმ. |
| 500 ## - ზოგადი შენიშვნა |
| General note |
სახელთა საძიებელი : გვ. 330-348 |
| 520 ## - SUMMARY, ETC. |
| Summary, etc |
გარეკანი და თავფურცელი ქართ. და გერმ. ენებზე.რეზიუმე გერმ. ენაზე. |
| 653 ## - INDEX TERM--UNCONTROLLED |
| Uncontrolled term |
გერმანელი მწერლები |
| 653 ## - INDEX TERM--UNCONTROLLED |
| Uncontrolled term |
გერმანული ლიტერატურის ისტორია და კრიტიკა |
| 653 ## - INDEX TERM--UNCONTROLLED |
| Uncontrolled term |
ნარკვევები მეორე მსოფლიო ომისშემდგომი პერიოდის გერმანულენოვანი ლიტერატურიდან = Studien zur deutschsprachigen Literatur nach dem Zweiten Weltkrieg |
| 700 ## - ADDED ENTRY--PERSONAL NAME |
| Personal name |
კაკაურიძე, ნანული |
| Relator term |
რედაქტორი |
| 9 (RLIN) |
11497 |
| 942 ## - ADDED ENTRY ELEMENTS (KOHA) |
| Koha item type |
წიგნი |
| Source of classification or shelving scheme |
|